[Event "12th American Continental"]
[Site "Medellin COL"]
[Date "2017.06.10"]
[Round "1.29"]
[White "Arenas,D"]
[Black "Buitrago,J"]
[Result "1-0"]
[WhiteElo "2488"]
[BlackElo "2035"]

1.e4 e5 2.Nf3 Nc6 3.Bc4 Bc5 4.c3 Nf6 5.d3 a6 6.Bb3 O-O 7.Bg5 h6 8.Bh4 Be7
9.Nbd2 d6 10.Nf1 Na5 11.Bc2 c5 12.Ne3 Nc6 13.a4 Ng4 14.Bg3 Nxe3 15.fxe3 Bg4
16.O-O Bf6 17.h3 Bh5 18.Bb3 Ne7 19.Qc2 b5 20.Bh4 Bxh4 21.Nxh4 d5 22.axb5 axb5
23.Rxa8 Qxa8 24.Nf5 Nxf5 25.Rxf5 c4 26.Rxh5 cxb3 27.Qxb3 dxe4 28.d4 Qa1+
29.Kh2 Qe1 30.Qd5 Qxe3 31.Qxe5 f6 32.Qe6+ Kh8 33.Rxb5 {#r} 1-0

[Event "12th American Continental"]
[Site "Medellin COL"]
[Date "2017.06.11"]
[Round "2.33"]
[White "Leon,Orlando"]
[Black "Tang,Andrew"]
[Result "0-1"]
[WhiteElo "2167"]
[BlackElo "2461"]

1.e4 e5 2.Nf3 Nc6 3.Bc4 Bc5 4.c3 Nf6 5.d3 a6 6.O-O Ba7 7.Nbd2 d6 8.Bb3 O-O
9.h3 h6 10.Re1 Re8 11.Nf1 Be6 12.Ng3 Bxb3 13.Qxb3 Qd7 14.Be3 Bxe3 15.Rxe3 d5
16.Ree1 b5 17.a4 Rab8 18.axb5 Rxb5 19.Qa4 Rxb2 20.Qxa6 Reb8 21.Nf5 Kh7 22.Qa4
Qe6 23.Ne3 dxe4 24.dxe4 R2b5 25.c4 Rb4 26.Qd1 Rd8 27.Qc2 Nd4 28.Nxd4 Rxd4
29.c5 Nxe4 30.f3 Rd2 31.Qc1 Rbb2 32.Rb1 Ra2 33.Ra1 Rxa1 34.Qxa1 Ng3 35.Qb1+ f5
36.Kh2 Qg6 37.Qc1 Rf2 38.Qc3 e4 39.Qe5 Ne2 40.fxe4 fxe4 41.Ng4 {#R} 0-1

[Event "10th Mayors Cup Open 2017"]
[Site "Mumbai IND"]
[Date "2017.06.08"]
[Round "7.25"]
[White "Thipsay,B"]
[Black "Laxman,R"]
[Result "0-1"]
[WhiteElo "2081"]
[BlackElo "2417"]

1.e4 e5 2.Nf3 Nc6 3.Bc4 Bc5 4.c3 Nf6 5.d3 a6 6.Bb3 Ba7 7.O-O O-O 8.Bg5 d6
9.Nbd2 h6 10.Bh4 g5 11.Bg3 Bg4 12.h3 Bh5 13.Re1 Bg6 14.Nf1 Nh5 15.Bh2 Nf4
16.Ne3 Kg7 17.Bc2 Ne7 18.d4 f6 19.Bxf4 gxf4 20.Nf5+ Nxf5 21.exf5 Bh5 22.Qd3
Kh8 23.Bd1 Bf7 24.Nh4 c5 25.d5 b5 26.b3 c4 27.bxc4 bxc4 28.Qxc4 Qb6 29.Rf1
Rfc8 30.Qe4 Rxc3 31.Ng6+ Kg7 32.Rb1 Qc7 33.Be2 Bc5 34.Rb3 Rxb3 35.axb3 a5
36.Qf3 Rb8 37.Qg4 Kh7 38.Qh4 Bxg6 39.fxg6+ Kg7 40.Bd1 Rb4 41.Qg4 Rd4 42.Qe6
Rd2 43.h4 Bxf2+ 44.Rxf2 Qa7 {#R} 0-1

[Event "12th American Continental"]
[Site "Medellin COL"]
[Date "2017.06.10"]
[Round "1.22"]
[White "Dominguez,Mi"]
[Black "Vera Siguenas,D"]
[Result "0-1"]
[WhiteElo "2066"]
[BlackElo "2526"]

1.e4 e5 2.Nf3 Nc6 3.Bc4 Bc5 4.c3 Nf6 5.d3 d6 6.O-O a6 7.b4 Ba7 8.Na3 h6 9.Nc2
O-O 10.Bb3 Nh5 11.Nxe5 Nxe5 12.d4 Bg4 13.f3 Be6 14.f4 Bg4 15.Qd2 Nc6 16.Ne3
Bd7 {#R} 0-1

[Event "CHN Team Men 2017"]
[Site "Beijing CHN"]
[Date "2017.06.07"]
[Round "2.1"]
[White "Huang,Renjie"]
[Black "Xiang,Zeyu"]
[Result "0-1"]
[WhiteElo "2156"]
[BlackElo "2402"]
[EventType "team"]

1.e4 e5 2.Nf3 Nc6 3.Bc4 Bc5 4.c3 Nf6 5.d3 d6 6.Nbd2 a6 7.Bb3 O-O 8.O-O h6 9.h3
Re8 10.Nc4 Ba7 11.Ne3 Ne7 12.Nh4 d5 13.exd5 Nexd5 14.Nef5 c6 15.Qf3 Kh7 16.Qg3
Nh5 17.Qf3 Nhf4 18.Bxf4 exf4 19.Rae1 Be6 20.Bxd5 cxd5 21.Qxf4 Qf6 22.Qf3 Rad8
23.g3 g5 24.Nd4 Bxd4 25.cxd4 Kg7 26.Qxf6+ Kxf6 27.Ng2 Bxh3 28.f4 Kg6 29.Kh2
Bf5 30.Rxe8 Rxe8 31.Re1 Rc8 32.Ne3 Bxd3 33.Nxd5 Rc2+ 34.Kh3 Rxb2 35.Ne7+ Kg7
36.d5 Bb5 37.Nf5+ Kg6 38.Ne7+ Kf6 39.f5 Be2 40.d6 g4+ 41.Kh4 Bf3 42.Nd5+ Kg7
43.Rh1 Rd2 44.f6+ Kh7 45.d7 Rxd5 46.Rh2 Rxd7 47.a4 Rd5 48.Rc2 Kg6 {#R} 0-1

[Event "FSIM June 2017"]
[Site "Budapest HUN"]
[Date "2017.06.11"]
[Round "9.3"]
[White "Paramzina,A"]
[Black "Pujari,R"]
[Result "0-1"]
[WhiteElo "2192"]
[BlackElo "2199"]

1.e4 e5 2.Nf3 Nc6 3.Bc4 Nf6 4.d3 Be7 5.O-O O-O 6.Re1 d6 7.a4 Na5 8.Ba2 c5 9.c3
h6 10.Na3 Bd7 11.b4 cxb4 12.cxb4 Nc6 13.Nc2 a6 14.Bb2 Nh7 15.d4 Ng5 16.Nd2
exd4 17.Bd5 d3 18.Ne3 Nxb4 19.Qb3 a5 20.Ndc4 Ne6 21.Nxa5 Nxd5 22.exd5 Nc5 {#R}
0-1

[Event "CHN Team Women 2017"]
[Site "Beijing CHN"]
[Date "2017.06.11"]
[Round "6.1"]
[White "Zhou Guijue"]
[Black "Wang Yu A"]
[Result "0-1"]
[WhiteElo "2250"]
[BlackElo "2354"]
[EventType "team"]

1.e4 e5 2.Nf3 Nc6 3.Bc4 Nf6 4.d3 Be7 5.O-O O-O 6.Re1 d6 7.a4 Na5 8.Ba2 c5
9.Na3 Be6 10.Bxe6 fxe6 11.c3 Nc6 12.Nc4 Qd7 13.Bd2 Rae8 14.h3 Bd8 15.b4 Bc7
16.b5 Ne7 17.Bg5 Ng6 18.Nh4 Nxh4 19.Bxh4 d5 20.Nd2 Qf7 21.Bxf6 gxf6 22.Nb3 b6
23.Qe2 f5 24.c4 Kh8 25.Nd2 Rg8 26.Kh2 Ref8 27.f3 fxe4 28.dxe4 Qf4+ 29.Kh1 Rg6
30.Rg1 Rfg8 31.Rae1 d4 32.Nf1 Bd8 33.Rd1 Qh4 34.Nh2 Bg5 35.g3 Qxh3 36.Qf1 Qh6
37.Kg2 Be3 38.Ng4 Rxg4 39.fxg4 Bxg1 40.Kxg1 Rxg4 41.Kg2 Rg8 42.Rd3 Qg6 43.Qe2
Rf8 44.Rf3 Rf4 45.Qf2 Qg4 {#R} 0-1

[Event "9th Lublin GM 2017"]
[Site "Lublin POL"]
[Date "2017.06.06"]
[Round "4.2"]
[White "Jarmula,L"]
[Black "Romanishin,O"]
[Result "1-0"]
[WhiteElo "2444"]
[BlackElo "2448"]

1.e4 e5 2.Nf3 Nc6 3.Bc4 Nf6 4.Ng5 d5 5.exd5 Na5 6.Bb5+ Bd7 7.Qe2 Be7 8.Nc3
Bxb5 9.Qxb5+ c6 10.dxc6 Nxc6 11.d3 O-O 12.Be3 Nd4 13.Bxd4 exd4 14.Nce4 Nd5
15.Nf3 a6 16.Qb3 Rc8 17.O-O Rc6 18.c4 dxc3 19.bxc3 Rb6 20.Qc2 Nf4 21.d4 Rg6
22.g3 Qd5 23.Ne5 Nh3+ 24.Kg2 Rh6 25.f3 f6 26.Ng4 Rh5 27.Ne3 Qd7 28.f4 f5
29.Nd2 Qc6+ 30.Nf3 Kh8 31.d5 Qh6 32.Nd4 Nxf4+ 33.Kh1 Nh3 34.Nexf5 Qf6 35.Qe2
g6 36.Nxe7 Nf2+ 37.Kg1 {#r} 1-0

[Event "FSIM June 2017"]
[Site "Budapest HUN"]
[Date "2017.06.06"]
[Round "4.5"]
[White "Lyell,M"]
[Black "Pujari,R"]
[Result "1-0"]
[WhiteElo "2270"]
[BlackElo "2199"]

1.e4 e5 2.Nf3 Nc6 3.Bc4 Nf6 4.Ng5 d5 5.exd5 Na5 6.Bb5+ c6 7.dxc6 bxc6 8.Bd3
Nd5 9.h4 Be7 10.Qf3 Bxg5 11.hxg5 Qxg5 12.Rh5 Qf6 13.Qe4 g5 14.b4 Nf4 15.Bb2
Nxh5 16.Bxe5 Qe6 17.Bxh8 Nc4 18.Nc3 f5 19.Qe2 Na3 20.Be5 g4 21.O-O-O a5 22.b5
c5 23.Re1 Kf7 24.Rh1 Qh6 25.Kb2 Be6 26.Kxa3 c4 27.Bxc4 Qf8+ 28.Kb2 Qb4+ 29.Bb3
a4 30.a3 Qe7 31.Bxe6+ Qxe6 32.Rxh5 Kg6 33.Rh1 Re8 34.Qe3 h5 35.Bd4 Qc8 36.Qf4
Re6 37.Be3 {#r} 1-0

[Event "18th ch-EUR Indiv 2017"]
[Site "Minsk BLR"]
[Date "2017.06.06"]
[Round "7.93"]
[White "Balashov,Y"]
[Black "Beliavsky,A"]
[Result "1-0"]
[WhiteElo "2408"]
[BlackElo "2589"]

1.e4 e5 2.Nf3 Nc6 3.Bb5 Nge7 4.O-O g6 5.d4 exd4 6.Nxd4 Bg7 7.Be3 O-O 8.Nc3 d6
9.Qd2 Ne5 10.Be2 f5 11.f4 Ng4 12.Bxg4 fxg4 13.f5 c5 14.Ne6 Bxe6 15.fxe6 Qb6
16.Rxf8+ Rxf8 17.Nd5 Nxd5 18.Qxd5 Qb5 19.e7+ Rf7 20.Qxd6 Qe8 21.Bxc5 Bf6
22.Qd5 Bxe7 23.Bxe7 {#r} 1-0

[Event "39th Nezhmetdinov Mem"]
[Site "Kazan RUS"]
[Date "2017.06.07"]
[Round "8.7"]
[White "Shyam,SM"]
[Black "Faizrakhmanov,Ramil"]
[Result "1-0"]
[WhiteElo "2535"]
[BlackElo "2439"]

1.e4 e5 2.Nf3 Nc6 3.Bb5 Nf6 4.d3 d6 5.O-O Bd7 6.c4 g6 7.Nc3 Bg7 8.Nd5 Nxd5
9.cxd5 Ne7 10.Bxd7+ Qxd7 11.Bg5 f6 12.Be3 c6 13.dxc6 Nxc6 14.d4 f5 15.dxe5
dxe5 16.Qa4 O-O 17.Rfd1 Qe7 18.Rac1 Rfd8 19.Ng5 Rxd1+ 20.Rxd1 Bf6 21.Qb3+ Kg7
22.Bc5 {#r} 1-0

[Event "CHN Team Men 2017"]
[Site "Beijing CHN"]
[Date "2017.06.12"]
[Round "7.5"]
[White "Dai,Changren"]
[Black "Ma,Zhonghan"]
[Result "0-1"]
[WhiteElo "2423"]
[BlackElo "2458"]
[EventType "team"]

1.e4 e5 2.Nf3 Nc6 3.Bb5 Nf6 4.d3 Bc5 5.Bxc6 dxc6 6.Nbd2 O-O 7.Qe2 Re8 8.Nc4
Ng4 9.h3 b5 10.Ne3 Nxe3 11.Bxe3 Bd6 12.O-O a6 13.Kh1 c5 14.Nd2 Be6 15.f4 exf4
16.Bxf4 Bxf4 17.Rxf4 Qd4 18.c3 Qe5 19.Qe3 Rad8 20.Nb3 Bxb3 21.axb3 Rxd3
22.Qxd3 Qxf4 23.Rxa6 h5 24.Qd5 Re5 25.Qd8+ Kh7 26.Qxc7 Qf1+ 27.Kh2 Rg5 28.g4
Qf2+ 29.Kh1 hxg4 30.Qh2 Qe1+ 31.Qg1 Qxe4+ 32.Qg2 Qe1+ 33.Qg1 Qxg1+ 34.Kxg1
gxh3+ 35.Kh1 Rg2 36.Rb6 g5 37.Rxb5 g4 38.Rxc5 Kg6 39.b4 Rxb2 40.Rc4 f5 41.Rc8
Kg5 {#R} 0-1

[Event "10th Mayors Cup Open 2017"]
[Site "Mumbai IND"]
[Date "2017.06.07"]
[Round "6.21"]
[White "Sanjeev,K"]
[Black "Ziatdinov,R"]
[Result "1-0"]
[WhiteElo "2076"]
[BlackElo "2291"]

1.e4 e5 2.Nf3 Nc6 3.Bb5 a6 4.Ba4 Nge7 5.O-O g6 6.c3 Bg7 7.d4 b5 8.Bb3 exd4
9.cxd4 Na5 10.Bc2 O-O 11.Nc3 Bb7 12.Bg5 h6 13.Bh4 d6 14.Re1 Nc4 15.Rb1 Re8
16.a4 b4 17.Ne2 c5 18.Nf4 cxd4 19.Bb3 Rc8 20.Qd3 Qc7 21.Rec1 g5 22.Rxc4 Qa5
23.Nh5 gxh4 24.Nxg7 Kxg7 25.Qxd4+ f6 26.Rxb4 Rc7 27.Qxd6 Nc8 28.Qd2 Bxe4
29.Rxe4 {#r} 1-0

[Event "18th ch-EUR Indiv 2017"]
[Site "Minsk BLR"]
[Date "2017.06.10"]
[Round "11.12"]
[White "Areshchenko,A"]
[Black "Demchenko,A"]
[Result "1-0"]
[WhiteElo "2677"]
[BlackElo "2629"]

1.e4 e5 2.Nf3 Nc6 3.Bb5 a6 4.Ba4 d6 5.O-O Bd7 6.d4 Nxd4 7.Bxd7+ Qxd7 8.Nxd4
exd4 9.Qxd4 Nf6 10.c4 Be7 11.Nc3 O-O 12.b3 c6 13.Bb2 Rad8 14.Rad1 Qc7 15.Kh1
b5 16.Ne2 Rfe8 17.Ng3 d5 18.cxd5 cxd5 19.e5 Bc5 20.Qh4 Ne4 21.Nxe4 dxe4
22.Qxe4 Bxf2 23.Rxd8 Rxd8 24.e6 fxe6 25.Qxe6+ Kh8 26.h3 Bg3 27.Qxa6 Qd7 28.Qh6
Bb8 29.Qg5 Re8 30.Qc5 Kg8 31.Bd4 h6 32.Bg1 Rc8 33.Qe3 Rc2 34.Qf3 Rc8 35.Qe4
Re8 36.Qg6 Re2 37.a4 bxa4 38.bxa4 Qe6 39.Qb1 Bd6 40.a5 Qd5 41.Qg6 Be7 42.Qg4
Ra2 43.a6 h5 44.Qg6 Ra3 45.Qe8+ Kh7 46.Qxe7 Rg3 47.Qb7 {#r} 1-0

[Event "10th Mayors Cup Open 2017"]
[Site "Mumbai IND"]
[Date "2017.06.09"]
[Round "8.4"]
[White "Sai,KG"]
[Black "Abdulla,AlR"]
[Result "1-0"]
[WhiteElo "2339"]
[BlackElo "2503"]

1.e4 e5 2.Nf3 Nc6 3.Bb5 a6 4.Ba4 d6 5.O-O Bd7 6.d4 exd4 7.Nxd4 Be7 8.c4 Bf6
9.Bxc6 bxc6 10.f4 Ne7 11.Nf3 Ng6 12.e5 Be7 13.Qd3 O-O 14.Nc3 dxe5 15.f5 Nf4
16.Qe4 f6 17.Kh1 Re8 18.g3 Nh5 19.c5 Bf8 20.g4 Nf4 21.Bxf4 exf4 22.Qc4+ Kh8
23.Rad1 Re7 24.Rd4 Qb8 25.b3 Be8 26.Rxf4 Bf7 27.Qd3 Qe8 28.Rd1 Re3 29.Qd4 Re5
30.b4 a5 31.a3 axb4 32.axb4 Bb3 33.Rd2 Bd5 34.Qf2 Rd8 35.Rfd4 g6 36.Nxd5 Rexd5
37.Rxd5 cxd5 38.Re2 Qa4 39.fxg6 hxg6 40.Nh4 Kg7 41.g5 Qa1+ 42.Re1 Qc3 43.gxf6+
Qxf6 44.Qg3 Kh6 45.Rg1 g5 46.Nf3 Qf5 47.Nxg5 Kh5 48.Qe3 d4 49.Qe2+ Kh6 50.Ne6
Rd5 51.Nxf8 Re5 52.Qg2 {#r} 1-0

[Event "10th Mayors Cup Open 2017"]
[Site "Mumbai IND"]
[Date "2017.06.06"]
[Round "4.10"]
[White "Rahman,SM"]
[Black "Abdulla,AlR"]
[Result "0-1"]
[WhiteElo "2260"]
[BlackElo "2503"]

1.e4 Nc6 2.Nf3 e5 3.Bb5 a6 4.Ba4 d6 5.Bxc6+ bxc6 6.d4 f6 7.h3 Ne7 8.Nc3 Ng6
9.O-O Be7 10.Be3 O-O 11.Qd2 Bd7 12.Rad1 Qb8 13.b3 Qb7 14.Nh2 Rae8 15.Rfe1 Kh8
16.Nf3 Qc8 17.Qd3 Bd8 18.Ne2 f5 19.dxe5 fxe4 20.Qxe4 d5 21.Qb4 Rxf3 22.gxf3
Nxe5 23.Qf4 Ng6 24.Qg3 Bh4 25.Qh2 Ne5 26.Nd4 c5 27.Bf4 Ng6 28.Ne2 d4 29.Bg3
Bf6 30.Nf4 Ne5 31.Rxe5 Bxe5 32.Ng6+ hxg6 33.Bxe5 Bc6 34.Qf4 Qxh3 35.Re1 Kg8
36.Qg3 Qh5 37.Kg2 Rf8 38.Re4 Bxe4 39.fxe4 Qe2 {#R} 0-1

[Event "18th ch-EUR Indiv 2017"]
[Site "Minsk BLR"]
[Date "2017.06.06"]
[Round "7.96"]
[White "Wagner,De"]
[Black "Korchmar,V"]
[Result "1-0"]
[WhiteElo "2571"]
[BlackElo "2422"]

1.e4 e5 2.Nf3 Nc6 3.Bb5 a6 4.Ba4 Nf6 5.d3 b5 6.Bb3 Be7 7.a4 Bb7 8.O-O O-O 9.c3
d6 10.Bc2 Re8 11.Nbd2 Bf8 12.Re1 g6 13.b4 Bg7 14.Nb3 Rb8 15.Bd2 Bc8 16.axb5
axb5 17.d4 Bg4 18.Ra6 Ne7 19.h3 Qc8 20.Ra3 Bh5 21.dxe5 dxe5 22.Bg5 Rd8 23.Qe2
h6 24.Bxf6 Bxf6 25.g4 Bxg4 26.hxg4 Qxg4+ 27.Kh2 Qh5+ 28.Kg2 Qg4+ 29.Kh2 Qh5+
30.Kg3 g5 31.Nh2 Qh4+ 32.Kg2 h5 33.Qf3 g4 34.Qg3 Qg5 35.f3 Rd2+ 36.Nxd2 Qxd2+
37.Kh1 Qxc2 38.fxg4 h4 39.Qg2 Qxg2+ 40.Kxg2 Rd8 41.Nf3 Ng6 42.g5 Be7 43.Kh3
Rd3 44.Kg4 Bxb4 45.Ra8+ Bf8 46.Nxh4 Nxh4 47.Kxh4 Kg7 48.Rb8 Bc5 49.Rf1 Rxc3
50.Rxb5 Rc4 51.Kh5 Bd6 52.Re1 Rc2 53.Rb3 Rf2 54.Rg3 Bc5 55.Rc1 Rh2+ 56.Kg4 Bf2
57.Rf3 c5 58.Rb1 Rh4+ 59.Kf5 Bd4 60.Rb7 c4 61.Rc7 c3 62.g6 c2 63.gxf7 Kf8
64.Ke6 Rh6+ 65.Rf6 Bc5 66.Rxh6 {#r} 1-0

[Event "10th Mayors Cup Open 2017"]
[Site "Mumbai IND"]
[Date "2017.06.07"]
[Round "5.4"]
[White "Tukhaev,A"]
[Black "Sai,KG"]
[Result "1-0"]
[WhiteElo "2557"]
[BlackElo "2339"]

1.e4 e5 2.Nf3 Nc6 3.Bb5 a6 4.Ba4 d6 5.O-O Nf6 6.c3 b5 7.Bb3 Be7 8.h3 O-O 9.d4
Bb7 10.Re1 Re8 11.Nbd2 Bf8 12.a3 h6 13.Ba2 Qd7 14.Qc2 Nh5 15.Nf1 g6 16.Ne3 Bg7
17.dxe5 Nxe5 18.Nxe5 dxe5 19.Nd5 Bxd5 20.Bxd5 Rad8 21.a4 c6 22.Bb3 Nf4 23.axb5
axb5 24.Be3 Qe7 25.Ra7 Rd7 26.Rxd7 Qxd7 27.Ra1 Rc8 28.Ra7 Rc7 29.Ra8+ Kh7
30.Qd1 Qe7 31.Qd8 Qxd8 32.Rxd8 Bf6 33.Rd1 Kg7 34.h4 g5 35.hxg5 hxg5 36.g3 Ng6
37.Ra1 Be7 38.Ra8 Nf8 39.Re8 Kf6 40.Kg2 b4 41.Kf3 bxc3 42.bxc3 Kg6 43.Bc4 Bd6
44.Kg4 Be7 45.Kf3 Bd6 46.Bf1 f5 47.exf5+ Kxf5 48.Bd3+ Kf6 49.Kg4 Ne6 50.Bc4
Re7 51.Rc8 Rc7 52.Bxe6 Kxe6 53.Rxc7 Bxc7 54.Kxg5 Ba5 55.c4 Bc3 56.g4 Bd4
57.Kh6 Kf7 58.g5 Kg8 59.Kg6 c5 60.Kf5 Kf7 61.Ke4 Kg6 62.f4 exf4 63.Bxd4 cxd4
64.c5 d3 65.Kxd3 Kf5 66.c6 f3 67.c7 {#r} 1-0

[Event "8th Dolomiti Open 2017"]
[Site "Forni di Sopra ITA"]
[Date "2017.06.10"]
[Round "1.6"]
[White "Landi,Alberto"]
[Black "Anurag,M"]
[Result "0-1"]
[WhiteElo "2165"]
[BlackElo "2466"]

1.e4 e5 2.Nf3 Nc6 3.Bb5 a6 4.Ba4 Nf6 5.O-O Nxe4 6.d4 b5 7.Bb3 d5 8.dxe5 Be6
9.Be3 Be7 10.c3 Qd7 11.Nbd2 Rd8 12.Bc2 Nxd2 13.Qxd2 Bg4 14.Bd4 Bxf3 15.gxf3
Na5 16.b4 Nc4 17.Qd3 Bg5 18.Kg2 Qe6 19.Qf5 Bd2 20.a4 g6 21.Qg4 Kd7 22.axb5
axb5 23.Ra6 h5 24.Rxe6 hxg4 25.Rf6 gxf3+ 26.Rxf3 Rh7 27.Ra1 Re8 28.Bd3 Bg5
29.Bxc4 dxc4 30.Ra5 Kc6 31.Ra6+ Kd5 32.Ra5 c6 33.Ra7 Re7 34.Ra8 Ke4 35.h3 Bf4
36.Rc8 Rh5 37.Rxc6 Rg5+ 38.Rg3 Bxg3 39.fxg3 Rf5 40.Rb6 Ra7 41.h4 Ra2+ 42.Kh3
Kf3 43.e6 Ra1 44.Kh2 Kg4 45.exf7 Ra2+ 46.Kg1 Kh3 47.Kh1 Rf1+ 48.Bg1 Rh2# 0-1

[Event "18th ch-EUR Indiv 2017"]
[Site "Minsk BLR"]
[Date "2017.06.10"]
[Round "11.98"]
[White "Nikitenko,M"]
[Black "Sivuk,V"]
[Result "1-0"]
[WhiteElo "2408"]
[BlackElo "2520"]

1.e4 e5 2.Nf3 Nc6 3.Bb5 a6 4.Ba4 Nf6 5.O-O Be7 6.d3 b5 7.Bb3 d6 8.c3 O-O
9.Nbd2 Na5 10.Bc2 c5 11.Re1 Nc6 12.Nf1 Be6 13.Ng3 Qc7 14.h3 Rad8 15.a4 b4
16.Ng5 Bd7 17.Bb3 Na5 18.Ba2 Rb8 19.f4 b3 20.Bb1 Nc6 21.Rf1 c4 22.Kh1 Na5
23.d4 Nc6 24.Nf3 Rbd8 25.Be3 Qc8 26.d5 Nb8 27.fxe5 dxe5 28.Kh2 Qc7 29.a5 Rc8
30.Qe1 Bc5 31.Bxc5 Qxc5 32.Nxe5 Rfe8 33.Nxd7 Nbxd7 34.Nf5 Ne5 35.Qg3 Qf8
36.Nxg7 Nfg4+ 37.hxg4 Qxg7 38.g5 h6 39.gxh6 Qxg3+ 40.Kxg3 Kh7 41.Rf5 Kg6
42.Ra4 f6 43.Rb4 Rb8 44.Rxb8 Rxb8 45.Kf4 Rh8 46.g4 Nf7 47.e5 {#r} 1-0

[Event "CHN Team Men 2017"]
[Site "Beijing CHN"]
[Date "2017.06.09"]
[Round "4.3"]
[White "Peng,Hongchi"]
[Black "Xu,Yi"]
[Result "0-1"]
[WhiteElo "2207"]
[BlackElo "2451"]
[EventType "team"]

1.e4 e5 2.Nf3 Nc6 3.Bb5 a6 4.Ba4 Nf6 5.O-O Be7 6.d3 b5 7.Bb3 d6 8.a4 Bd7 9.c3
Na5 10.Bc2 c5 11.Nbd2 O-O 12.Qe2 Qc7 13.Rd1 h6 14.Nf1 Be6 15.Be3 Rfc8 16.Ng3
Bf8 17.h3 g6 18.Rdc1 Bg7 19.b4 cxb4 20.cxb4 Nc6 21.Qd2 d5 22.axb5 axb5 23.Rxa8
Rxa8 24.Bxh6 Bxh6 25.Qxh6 Nxb4 26.Bb3 Qd6 27.Ng5 Qf8 28.Qh4 Nxd3 29.Rc6 Qg7
30.Nxe6 fxe6 31.exd5 g5 32.Nh5 gxh4 33.Nxg7 Kxg7 34.dxe6 Ra1+ 35.Kh2 Nxf2
36.g4 hxg3+ 37.Kxg3 Ra3 38.Kxf2 Rxb3 39.e7 Ne4+ 40.Ke2 Kf7 41.Re6 Ke8 42.Rxe5
Nd6 43.h4 Rb4 44.h5 Re4+ 45.Rxe4 Nxe4 46.Kd3 Nd6 47.Kd4 Kxe7 48.Kc5 Kf6 {#R}
0-1

[Event "12th American Continental"]
[Site "Medellin COL"]
[Date "2017.06.11"]
[Round "2.16"]
[White "Shabalov,A"]
[Black "Vittorino,C"]
[Result "1-0"]
[WhiteElo "2556"]
[BlackElo "2257"]

1.e4 e5 2.Nf3 Nc6 3.Bb5 a6 4.Ba4 Nf6 5.O-O Be7 6.Bxc6 dxc6 7.Qe1 Nd7 8.b3 O-O
9.Bb2 Bd6 10.d3 Re8 11.Nbd2 Nf8 12.Nc4 Ng6 13.Qe3 c5 14.g3 Bh3 15.Rfe1 f6
16.Nfd2 Qd7 17.Qe2 Be6 18.Ne3 Ne7 19.f3 Rf8 20.Rf1 Rae8 21.f4 exf4 22.gxf4 Nc6
23.Rf2 f5 24.Raf1 Nd4 25.Qh5 fxe4 26.Nxe4 Bf5 27.Bxd4 cxd4 28.Nxf5 Qxf5 29.Qf3
c6 30.Qg2 Re6 31.Kh1 Rh6 32.Rf3 Rg6 33.Qf2 Qd5 34.f5 Rh6 35.h3 Be5 36.Qg2 Bf6
37.Rf4 Qe5 38.Qg3 Kh8 39.Kg2 Qd5 40.Rg4 Be5 41.Qf3 Bf6 42.a4 Qe5 43.Rf2 Bh4
44.Re2 Qd5 45.Nd2 Qd8 46.Qe4 Bf6 47.Nf3 Rh5 48.Qe6 Qc8 49.Rf4 c5 50.Qxc8 Rxc8
51.Re6 Kg8 52.Kg3 Kf7 53.Rb6 Rc7 54.Kg4 Rh6 55.h4 Be7 56.Ne5+ Kf8 57.Rxh6 gxh6
58.f6 Bd6 59.Kf5 b5 60.axb5 axb5 61.Re4 Ra7 62.Nc6 Rc7 63.Nd8 Rd7 64.Ne6+ Kf7
65.Rg4 Bf8 66.Nxf8 Kxf8 67.Ke6 Ra7 68.Kd5 Ra2 69.Kxc5 Rxc2+ 70.Kxd4 Kf7 71.Rf4
b4 72.Ke3 Rh2 73.Rxb4 Rh3+ 74.Kd2 Kxf6 75.Re4 Rg3 76.b4 Rg8 77.b5 {#r} 1-0

[Event "12th American Continental"]
[Site "Medellin COL"]
[Date "2017.06.11"]
[Round "2.22"]
[White "Castrillon Gomez,M"]
[Black "Morovic Fernandez,I"]
[Result "0-1"]
[WhiteElo "2210"]
[BlackElo "2537"]

1.e4 e5 2.Nf3 Nc6 3.Bb5 a6 4.Ba4 Nf6 5.O-O Be7 6.Bxc6 dxc6 7.d3 Nd7 8.Nbd2 f6
9.Nc4 Nc5 10.Nh4 g6 11.f4 Be6 12.Na5 exf4 13.Bxf4 g5 14.d4 gxf4 15.dxc5 Bxc5+
16.Kh1 Qxd1 17.Raxd1 Bg4 18.Rb1 O-O-O 19.Rxf4 Bd1 20.c3 Be3 21.Rxf6 Bc2 22.Re1
Bd2 23.Rg1 Bxe4 24.Rff1 Bd3 25.Rf2 Bh6 26.Nf5 Rhf8 27.g4 Bxf5 28.gxf5 Rd5
29.Nb3 Be3 {#R} 0-1

[Event "18th ch-EUR Indiv 2017"]
[Site "Minsk BLR"]
[Date "2017.06.10"]
[Round "11.55"]
[White "Shevchenko,Kirill"]
[Black "Gledura,B"]
[Result "1-0"]
[WhiteElo "2491"]
[BlackElo "2602"]

1.e4 e5 2.Nf3 Nc6 3.Bb5 a6 4.Ba4 Nf6 5.O-O Be7 6.Re1 b5 7.Bb3 O-O 8.a4 Bb7
9.d3 d6 10.Bd2 Qd7 11.Nc3 Nd4 12.Nxd4 exd4 13.Ne2 c5 14.Ng3 g6 15.Qf3 Ng4
16.axb5 axb5 17.Rxa8 Bxa8 18.Qe2 Bh4 19.h3 Ne5 20.Kh2 Qe7 21.Bh6 Re8 22.f4 c4
23.dxc4 Nd7 24.cxb5 Nc5 25.Qg4 Bxg3+ 26.Qxg3 d3 27.Bg5 Qd7 28.e5 d2 29.Rd1 Ne4
30.Qd3 Qb7 31.Rxd2 Nxd2 32.Qxd2 dxe5 33.fxe5 Qxb5 34.Bf6 Qb7 35.Bc4 h6 36.b3
g5 37.h4 gxh4 38.Bf1 Kh7 39.Bd3+ Kg8 40.Bf1 Qe4 41.Qxh6 Qh7 42.Qg5+ Qg6
43.Qxh4 Qh7 44.Qxh7+ Kxh7 45.Bd3+ Kg8 46.g4 Kf8 47.Kg3 Bd5 48.Kf4 Rc8 49.c4
Be6 50.Ke4 Rb8 51.Bc2 Bxg4 52.Kd4 Be6 53.Kc3 Ke8 54.b4 Kd7 55.b5 Rg8 56.c5 Rg4
57.Bd3 Rg3 58.Kd4 Rg4+ 59.Ke3 Rg3+ 60.Ke2 Rg2+ 61.Kf3 Rb2 62.Bg7 Rb3 63.Ke4
Bh3 64.Be2 Rb2 65.e6+ {#r} 1-0

[Event "10th Mayors Cup Open 2017"]
[Site "Mumbai IND"]
[Date "2017.06.10"]
[Round "9.10"]
[White "Gajwa,A"]
[Black "Babujian,L"]
[Result "0-1"]
[WhiteElo "2309"]
[BlackElo "2438"]

1.e4 e5 2.Nf3 Nc6 3.Bb5 a6 4.Ba4 Nf6 5.O-O Be7 6.Re1 b5 7.Bb3 O-O 8.a4 b4 9.d4
d6 10.dxe5 Nxe5 11.Nxe5 dxe5 12.Qf3 Bb7 13.Nd2 Kh8 14.Qf5 Bc5 15.h3 Qd4 16.Ba2
Ba7 17.Nb3 Qd6 18.Bg5 Rad8 19.Kh2 h6 20.Rad1 Bxe4 21.Rxd6 Bxf5 22.Rxa6 Bxf2
23.Rxe5 Ne4 24.Bf4 g5 25.Rxf5 gxf4 26.g4 fxg3+ 27.Kg2 Kg7 28.Rf4 Ng5 29.h4 Ne6
30.Rg4+ Kh7 31.Rxb4 Rd1 32.Rg4 f5 33.Rc4 f4 34.Rxe6 f3+ 35.Kh3 Rf7 36.Rcc6
Rh1+ 37.Kg4 g2 38.Rxh6+ Kg7 39.Rhg6+ Kf8 {#R} 0-1

[Event "10th Mayors Cup Open 2017"]
[Site "Mumbai IND"]
[Date "2017.06.06"]
[Round "4.23"]
[White "Gajwa,A"]
[Black "Pranav,Anand"]
[Result "1-0"]
[WhiteElo "2309"]
[BlackElo "2068"]

1.e4 e5 2.Nf3 Nc6 3.Bb5 a6 4.Ba4 Nf6 5.O-O Be7 6.Re1 b5 7.Bb3 d6 8.c3 O-O 9.h3
Nb8 10.d4 Nbd7 11.Nbd2 Bb7 12.Bc2 Re8 13.a4 c6 14.b3 Bf8 15.Bb2 g6 16.Bd3 Nh5
17.Bf1 Nf4 18.Qc2 Bg7 19.dxe5 Nxe5 20.Nxe5 dxe5 21.b4 Qg5 22.Kh2 Rad8 23.Nb3
Bc8 24.Bc1 Qh5 25.axb5 axb5 26.Be3 g5 27.Red1 g4 28.Rxd8 Rxd8 29.Bb6 Rf8
30.Qd1 Bh6 31.Na5 Kh8 32.Bc5 Rg8 33.Nxc6 Nxh3 34.gxh3 Bf4+ 35.Kh1 Bb7 36.Be7
Qh6 37.Qd6 Qxd6 38.Bxd6 Bxc6 39.Be7 Bxe4+ 40.Bg2 Bxg2+ 41.Kxg2 gxh3+ 42.Kxh3
Rc8 43.Bf6+ Kg8 44.Kg4 h6 45.Kf5 Rxc3 46.Ra8+ Kh7 47.Rh8# 1-0

[Event "10th Mayors Cup Open 2017"]
[Site "Mumbai IND"]
[Date "2017.06.11"]
[Round "10.19"]
[White "Das,Say"]
[Black "Shelke,Sankarsha"]
[Result "1-0"]
[WhiteElo "2396"]
[BlackElo "2185"]

1.e4 e5 2.Nf3 Nc6 3.Bb5 a6 4.Ba4 Nf6 5.O-O Be7 6.Re1 b5 7.Bb3 d6 8.c3 O-O 9.h3
Nb8 10.d4 Nbd7 11.a4 Bb7 12.Bc2 Re8 13.Nbd2 Bf8 14.b4 c6 15.Nb3 Rc8 16.Bd2 Nb6
17.axb5 cxb5 18.Na5 Ba8 19.d5 Nfd7 20.Bd3 Be7 21.Qb3 Qc7 22.Rec1 Nc4 23.Qc2 f5
24.Bg5 Bxg5 25.Nxg5 Nf6 26.f3 Qb6+ 27.Qf2 Qxf2+ 28.Kxf2 h6 29.Ne6 fxe4 30.fxe4
Nd2 31.Ke3 Ndxe4 32.Bxe4 Nxd5+ 33.Kd2 Nb6 34.Bf5 Nc4+ 35.Nxc4 Rxc4 36.Rxa6
Bxg2 37.Rg1 Be4 38.Rxg7+ Kh8 39.Rh7+ Kg8 40.Raa7 {#r} 1-0

[Event "18th ch-EUR Indiv 2017"]
[Site "Minsk BLR"]
[Date "2017.06.10"]
[Round "11.84"]
[White "Mazur,Ste"]
[Black "Smirin,I"]
[Result "0-1"]
[WhiteElo "2459"]
[BlackElo "2676"]

1.e4 e5 2.Nf3 Nc6 3.Bb5 a6 4.Ba4 Nf6 5.O-O Be7 6.Re1 b5 7.Bb3 d6 8.c3 O-O 9.h3
Na5 10.Bc2 c5 11.d4 Qc7 12.Nbd2 cxd4 13.cxd4 Rd8 14.b3 Bb7 15.Bb2 Nc6 16.Rc1
Qb6 17.d5 Nb4 18.Bb1 a5 19.Nf1 Na6 20.Ng3 g6 21.Nh2 Nc5 22.Ng4 Nxg4 23.Qxg4
Bc8 24.Qf3 Bg5 25.Rcd1 Re8 26.Nf1 Bd7 27.Nh2 b4 28.g3 h5 29.h4 Bh6 30.Bc1 Bxc1
31.Rxc1 a4 32.Qe3 axb3 33.axb3 Ra3 34.Bc2 Rc8 35.Bd1 Qd8 36.f4 exf4 37.gxf4
Qxh4 38.Re2 Re8 39.e5 Bh3 40.Nf3 Qg3+ 41.Kh1 Nd7 42.e6 fxe6 43.Bc2 Bg4 44.Ng5
Qxe3 45.Rxe3 Rc8 46.Ree1 e5 47.Bxg6 Rc3 48.Rxc3 bxc3 49.Re3 Ra1+ 50.Kg2 c2
51.Bxc2 Ra2 52.Rc3 Bf5 53.Rc8+ Nf8 54.fxe5 Bxc8 {#R} 0-1